[Event "Turnier 40 / 120"]
[Site "Wien"]
[Date "2022.01.08"]
[Round "10"]
[White "Mephisto Lyon 68020 - 12 MHZ"]
[Black "Pewatronic Masterchess SH7034 - 24 MHZ"]
[Result "1/2-1/2"]
[BlackElo "2162"]
[WhiteElo "2174"]

1. e4 c5 2. Nf3 e6 3. d4 cxd4 4. Nxd4 Nc6 5. Nb5 d6 {Buchende} 6. Bf4 e5
{Buchbewertung Pewatronic Masterchess: -0,1} 7. Be3 {Buchende} Nf6 8. Bg5
{Buchbewertung Mephisto Lyon 68020: +0,39 / lt. Stockfish ist die Stellung
ausgeglichen} Be6 9. Be2 a6 10. Bxf6 gxf6 11. N5c3 Qb6 12. Na4? {dieser Zug
verliert eine Figur und damit bereits die Partie, Stockfish +2,60 für
Schwarz mit der Fortsetzung Db4+, S1c3, Da5, 0-0, b5 und der Springer a4
ist verloren} Qa5+ {Pewatronic lässt die Chance liegen, Stockfish +0,60 für
Schwarz} 13. Nac3 Rg8 14. O-O Nd4 {besser ist Se7} 15. Re1? {ein schwacher
Zug, der Schwarz wieder klaren Vorteil bringt, Stockfish +2,00 mit der
Fortsetzung Db4, nötig war Sd2 mit leichtem Vorteil für Weiss.} Bh3? {ein
ganz schwacher Zug, um 3 Bauerneinheiten schlechter als Db4, kehrt den
Spiess um und bringt Weiss klar in Vorteil mit ca. +1,20 mit der
Fortsetzung g3} 16. g3 Nxe2+ {den starken Springer abzutauschen ist keine
gute Idee, besser ist Lh6} 17. Qxe2 Bg4 18. Qd2 {deutlich besser ist Dd3,
Stockfish +0,70 für Weiss.} Qc5 {deutlich besser ist Tg6, Stockfish +1,50
mit der Fortsetzung Sd5} 19. Nd5 Rg6 20. Qc3 {ganz schwach, deutlich besser
ist Dd3, Stockfish +0,60 für Weiss.} Rc8 21. Qxc5? {deutlich besser ist
Db3, nach dem Textzug ist die Stellung im Lot.} dxc5? {das ist allerdings
die falsche Schlagvariante und Weiss ist schon wieder im Voteil mit +1,40
mit der Fortsetzung S1c3, nach Txc5 wäre die Stellung im Lot.} 22. Nd2
{schwächer als S1c3, Stockfish +0,70 für Weiss} Bh6 {besser ist c4,
Stockfish +1,50 für Weiss mit der Fortsetzung Sc4} 23. Nc4 Rd8 24. a4 Kf8
25. Kg2 b5 {deutlich besser ist Lg5, der weisse Vorteil ist bereits
spielentscheidend, Stockfish +3,00} 26. Ncb6 Bd2 {Pewatronic bewertet
dieses Stellung völlig falsch +0,9 / Stockfish +3,50 mit der Fortsetzung
axb5 (dieser Gewinnzug ist aber entschieden zu viel verlangt von einem
Oldie, denn er verliert ja sofort die Qualität, darauf wird der Lyon 68020
sicher nicht kommen.} 27. Reb1 {Mephisto Lyon 68020: +0,42, auch diese
Fortsetzung ist stark und wird von Stockfish mit +3,00 für Weiss bewertet.}
f5 {etwas besser ist noch Th6, aber diese Stellung ist bereits hoffnungslos
verloren für Schwarz, Stockfish +5,00 mit Fortsetzung axb5} 28. axb5 axb5
29. f3 fxe4 {der Pewatronic hat völlig den Überblick verloren, Bewertung
+0,6 ???, verliert eine Figur ??} 30. fxg4 {Mephisto Lyon 68020: +1,15}
Rgd6 {Pewatronic zeigt Einsicht und korrigiert seine Bewertung auf -1,6 /
Stockfish -7,30} 31. c4 {deutlich schwächer als Tf1, Weiss bleibt aber
entscheidend in Vorteil mit +4,30} bxc4 32. Rf1 Rxd5 33. Nxd5 Rxd5 34. Ra7
Kg8 35. Rfxf7 h6 36. Rfe7 Kf8 37. h4 c3 38. bxc3 Bxc3 {Stockfish Matt in 13
mit der Fortsetzung g5} 39. Rh7 Kg8 40. Rxh6 Rd2+ 41. Kh3? {und jetzt
vergurkt der Mephisto Lyon noch diese 100 % Gewinnstellung, nach dem
Textzug ist es bereits Remis, Stockfish 0,00 mit der Fortsetzung e3, nötig
war Kg1 mit +6,00 für Weiss, diesen Fehler muss man aber dem Lyon
verzeihen, das Problem dabei ist natürlich, dass Weiss noch jede Menge
Schachgebote zur Verfügung stehen, die den Vormarsch des e-Bauern verzögern
können, allerdings irgendwann gehen sie zu Ende, da nur noch
Stellungswiederholung möglich ist und der E-Bauer rettet das Remis für
Schwarz.} e3 42. Rg6+ Kf8 43. Rf6+ Kg8 44. Rc6 Rd8 45. Ra2 Bd2 46. Rxc5 e2
47. Rxe5 e1=Q 48. Rxe1 Bxe1 49. Re2 Bb4 {die Stellung ist klares Remis,
anders wäre es vielleicht, hätte Weiss nicht den Doppelbauern, die 3 Bauern
sind aber eigentlich nur 2 Wert, darum nicht mehr zu gewinnen.} 50. Re4 Bc5
51. g5 Rd3 52. h5 Bd6 53. Kh4 Bxg3+ 54. Kg4 Bd6 55. h6 Kh7 {Userentscheid:
Remis} 1/2-1/2
[/pgn]
[pgn]

[Event "Turnier 40 / 120 "]
[Site "Wien"]
[Date "2022.01.08"]
[Round "11"]
[White "Pewatronic Masterchess SH7034 - 24 MHZ"]
[Black "Mephisto Lyon 68020 - 12 MHZ"]
[Result "0-1"]
[BlackElo "2174"]
[WhiteElo "2162"]

1. e4 d6 2. d4 Nf6 3. Nc3 g6 4. Bg5 c6 5. Qd2 b5 6. Bd3 {Buchende} h6
{Buchende} 7. Bxf6 {Buchbewertung Pewatronic Masterchess: +0,3 / lt.
Stockfish steht Weiss deutlich besser mit ca. +1,00} exf6 {Buchbewertung
Mephisto Lyon 68020: -0,63} 8. d5 {deutlich besser ist f4, nach dem Textzug
nähert sich die Stellung dem Ausgleich, Stockfish noch ca. +0,30 für Weiss
mit der Fortsetzung b4} b4 9. Nce2 Qb6 10. dxc6 Nxc6 11. Nf4 Be6 {deutlich
besser ist Se7 und die Stellung ist im Lot, nach dem Textzug ist Weiss mit
ca. +1,00 im Vorteil mit der Fortsetzung Sxe6} 12. Nd5 {dieser Zug bringt
allerdings keinen Vorteil für Weiss, die Stellung ist wieder im Lot.} Bxd5
13. exd5 Ne5 14. Qe2 O-O-O {dieser Zug verliert bereits, allerdings nach
Massstab von Stockfish, +1,80 für Weiss nötig war Kd8 mit Ausgleich, aber
diese Feinheit ist ausserhalb der Reichweite eines Oldies.} 15. Nf3 Nxd3+
16. cxd3 Bg7 17. O-O Rhe8 {deutlich besser ist f5, Stockfish +2,20 für
Weiss mit der Fortsetzung Dc2+} 18. Rac1+ {dieser Zug verspielt allerdings
nahezu den gesamten Vorteil, Stockfish nur noch +0,50 für Weiss mit der
Fortsetzung Kd7} Kb8 {doch die Feinheiten dieser Stellung sind für beide
Geräte nicht erkennbar, dieser Zug verliert wieder gegen die Fortsetzung
Dd1} 19. Qd2 {aber auch Pewatronic erkennt es nicht, Stockfish nur noch
+0,40 für Weiss. (eigentlich sieht für Otto Normalverbraucher Dd2 fast
logischer aus, als der Gewinnzug Dd1, der ja immerhin die Türme trennt,
also diese Feinheiten sind alles andere als leicht zu sehen, kein Vorwurf
an die beiden Geräte !} Rc8 20. Rc6 Rxc6 21. dxc6 b3 {besser ist Tc8 und
alles ist im Lot, nach dem Textzug ist Weiss etwas im Vorteil mit +0,60}
22. axb3 Qxc6 {verliert die Partie gegen die Fortsetzung Tc1, Stockfish
+2,00 für Weiss, nötig war Tc8 mit geringem Vorteil für Weiss.} 23. Rc1 Qb6
24. Qc3 {etwas besser war Tc4, Weiss bleibt aber im Vorteil mit ca. +1,00}
d5? {verliert die Partie gegen die Fortsetzung b4, Stockfish +2,20 für
Weiss.} 25. Kf1? {verspielt wieder einen Grossteil des Vorteils, Stockfish
+0,40 für Weiss mit der Fortsetzung Lf8} h5 {Mephisto Lyon verwirft im
letzten Augenblick den klar besseren Zug Lf8, Stockfish +1,20 für Weiss mit
der Fortsetzung b4} 26. Qc5? {verspielt den gesamten Vorteil, Stockish
0,00} Qxc5 27. Rxc5 Rd8 28. Nd4 Kb7 29. Rb5+ Ka6 30. b4 f5 31. Ra5+ {die
Stellung ist im Lot, Stockfish 0,00} Kb6 32. Ne2 {der Rückzug des Springers
ist nicht so gut, Schwarz ist leicht im Vorteil mit +0,70 mit der
Fortsetzung Lxb2, besser ist Tb5+ und es ist Remis.} d4 {aber Mephisto Lyon
verzichtet überraschend auf den Bauern b2, damit ist wieder alles im Lot,
Stockfish 0,00} 33. Rc5 Rd7 34. h3 Bf6 35. Nf4 Bg5 36. Nd5+ Kb7 37. g3 Bd8
38. Ke2 Bb6 39. Nxb6 axb6 {sieht schon sehr nach Remis aus, Stockfish 0,00}
40. Rc4 Ka6 41. Kf3 Kb5 42. Kf4 Ka4 43. b5+ Kxb5 44. Ke5? {solche
Turmendspiele sind schon tückisch, diesen logisch aussehenden Zug hätten
wahrscheinlich viele Programme und auch menschliche Spieler gemacht, in
Wahrheit verliert er die Partie sofort, Stockfish +3,50 für Schwarz mit der
Fortsetzung Ka5, Remis gehalten hätte einzig b3 !, aber das muss man auch
mal erkennen, kein Vorwurf an den Pewatronic an dieser Stelle, ich selbst
hätte wohl auch Ke5 gezogen und auch der Mephisto Lyon 68020 hatte es
erwartet.} Ka5 45. Rc6 b5 46. Rd6 Re7+? {Mephisto Lyon 68020 verwirft im
letzten Moment den Gewinnzug Txd6 und wirft den Sieg damit hin, die
Stellung ist wieder nahezu im Lot Stockfish noch +0,15 für Schwarz mit der
Fortsetzung Kxd4} 47. Kf6 {auch nach dieser Fortsetzung ist die Stellung im
Lot} Re2 48. Kxf7 Rxb2 49. Rxd4 Rxf2 50. Kxg6 Rf3 51. Rh4 b4 52. Rxh5 b3
53. Rh8 Kb4 54. g4 fxg4 55. hxg4 b2 56. Rh1 Rxd3 57. Kf5 Ka3 58. g5 Rc3 59.
g6? {ein totales Blackout, das einem weiteren Programmbug sehr nahe kommt,
der Pewatronic übersieht hier den völlig offensichtlichen Folgezug Tc1,
wonach Schwarz ja die Dame bekommt, er rechnet hier unglaublich aber wahr
mit Tg3 ?????} Rc1 {Mephisto Lyon sieht in der 1. Sekunde der Berechnung
mit Tc1 einen Vorteil von +7,00 / Stockfish Matt in 13, Userentscheid: 0-1
/ der Pewatronic verschenkt hier auf unglaubliche Weise einen halben
Punkt.} 0-1
[/pgn]
[pgn]

[Event "Turnier 40 / 120"]
[Site "Wien"]
[Date "2022.01.09"]
[Round "12"]
[White "Mephisto Lyon 68020 - 12 MHZ"]
[Black "Pewatronic Masterchess SH7034 - 24 MHZ"]
[Result "0-1"]
[BlackElo "2162"]
[WhiteElo "2174"]

1. Nf3 c6 2. d4 d5 3. c4 Nf6 4. Nc3 dxc4 5. a4 Bf5 6. Ne5 Nbd7 7. Nxc4 Qc7
8. g3 e5 9. dxe5 Nxe5 10. Bf4 Nfd7 11. Bg2 {Buchende} Rd8 {Buchende} 12.
Qd4 f6 {lt. Stockfish ist die Stellung exakt ausgeglichen, 0,00} 13. Qxa7?
{zu gierig bringt Schwarz klar in Vorteil mit der Fortsetzung Lc5,
Stockfish +0,80} Bc5 14. Bxe5? {der nächste Fehlgriff, dieser Zug verliert
in weiterer Folge eine Figur für einen Bauern und damit bereits die Partie,
Stockfish +2,30 für Schwarz mit der Fortsetzung fxe5, nötig war Da5} fxe5
15. Qa5 b6 16. Qa6 {Mephisto Lyon 68020, erkennt das Problem: -1,75 in der
Erwartung des richtigen Zuges Le6 und die Partie ist gelaufen.} O-O?
{leider verpasst der Pewatronic diese Gewinnchance, auch nach dieser
Fortsetzung bleibt Schwarz noch im Vorteil, dieser Zug ist allerdings um
1,50 Bauerneinheiten schwächer als Le6, Stockfish +1,00 für Schwarz.} 17.
Ne3 Be6 18. Qd3 {verliert die Partie sofort, nötig war a5, allerdings ist
die Gewinnvariante alles andere als leicht zu finden für einen Oldie, es
gewinnt sofort Txf2 !!} Rxf2! {also hier überrascht der Pewatronic im
positiven Sinn, ein Wahnsinnszug, er findet tatsächlich diesen Gewinnzug,
also damit hätte ich wirklich nicht gerechnet. Bombenstark !!!!, Bewertung
zwar "nur" +0,7, Stockfish +3,20 und Schwarz gewinnt schon klar.} 19. Kxf2?
{noch ein Fehlgriff, der die wohl endgültig entscheidet, deutlich mehr
Widerstand bot Se4, Stockfish +5,00 für Schwarz mit der Fortsetzung Sf6}
Nf6! {Stockfish sieht die Weisse Dame verloren und schlägt hier h3 als
beste Verteidigung vor, das ist natürlich für den Mephisto Lyon 68020 nicht
erkennbar.} 20. Qb1 Bxe3+! {der Pewatronic macht alles richtig, Stockfish
+8,50 für Schwarz} 21. Ke1 Bd2+ 22. Kf1 Qf7 23. Nd1 Ne4+ {Pewatronic
Masterchess +1,6 sieht sich bereits klar im Vorteil / Stockfish +10,00} 24.
Bf3 {Mephisto Lyon sieht noch Chancen für sich nur -0,81, da fehlt noch die
Rechentiefe.} Ng5! {alles richtig} 25. Nf2 {Mephisto Lyon gesteht die
Niederlage ein: -2,90} Be3 26. Kg2 e4 27. Qxe4 Nxe4 {Rest geschenkt} 0-1
[/pgn]
[pgn]

[Event "Turnier 40 / 120"]
[Site "Wien"]
[Date "2022.01.09"]
[Round "13"]
[White "Pewatronic Masterchess SH7034 - 24 MHZ"]
[Black "Mephisto Lyon 68020 - 12 MHZ"]
[Result "0-1"]
[BlackElo "2174"]
[WhiteElo "2162"]

1. d4 d5 2. g3 {Buchende} c6 {Buchende} 3. Bg2 {Buchbewertung Pewatronic
Masterchess: +0,0} Nf6 {Buchbewertung Mephisto Lyon 68020: -0,06 / lt.
Stockfish steht Weiss knapp besser mit ca. +0,30} 4. Nf3 {Buchzug /
Buchende} Bf5 5. c3 Nbd7 6. O-O e6 7. Qb3 Nb6 8. a4 a5 9. Bg5 Be7 10. Nbd2
O-O 11. Rae1 Ra6 12. Ne5 Ng4 13. Bxe7 Qxe7 14. e4 dxe4 15. Nxg4 Bxg4 16.
Nxe4 Nd5 17. c4 {etwas besser ist Sc5, die Stellung ist im Lot, Stockfish
0,00} Nb4 18. f3 Bf5 19. f4 Rd8 20. Rd1 b6 21. Qe3 Ra7 22. b3? {ein ganz
schwacher Zug, der Schwarz bereits entscheidend in Vorteil bringt,
Stockfish +2,60 mit der Fortsetzung Tad7, nötig war Td2 und alles ist im
Lot.} Rad7 23. Rd2 c5! {der richtige Zug, Stockfish +3,00 für Schwarz} 24.
dxc5 Rxd2 25. Nxd2 Rd3! {immer noch richtig, Mephisto Lyon steht auf
Gewinn.} 26. Qf2 bxc5 27. Re1 Qd6 28. Re2 Qd4? {bis zu diesem Zeitpunkt
macht Mephisto Lyon 68020 alles richtig, mit diesem Zug gibt er aber den
gesamten Vorteil ab, die Stellung ist im Lot mit der Fortsetzung Le4,
gewonnen hätte Tc3} 29. Qxd4 {dieser Zug führt allerdings nicht zum
Ausgleich für Weiss, Stockfish +2,30 für Schwarz mit der Fortsetzung cxd4}
cxd4 30. Nf3 {deutlich mehr Widerstand bietet Lf3, nach dem Textzug ist die
Partie praktisch schon verloren für Weiss, Stockfish +4,20 für Schwarz mit
der Fortsetzung Lg4} Bg4! {der richtige Zug, Mephisto Lyon 68020 erkennt
aber natürlich noch keinen grossen Vorteil, nur +0,33} 31. Rd2 Bxf3 32.
Rxd3 Nxd3 33. Bxf3 Nc5 {diese Stellung ist schon hoffnungslos für Weiss,
Stockfish +6,00 für Schwarz} 34. Bd1 f6 35. Kf2 e5 36. fxe5 fxe5 37. Kf3
Kf7 38. h3 e4+ 39. Kf4 e3 40. Kf3 Kf6 41. h4 Ke5 42. h5 Kf5 43. Bc2+ d3 {Um
6 Bauerneinheiten !! schwächer als Kg5, Stockfish +4,20 für Schwarz.} 44.
Bxd3+ Nxd3 45. Kxe3 Nc5 46. Kd4 Nxb3+ 47. Kd5 Kf6 48. c5 Ke7 49. c6 Kd8 50.
Ke6 Nd4+ 51. Kf7 g6 52. h6 Nxc6 53. Kg8 {tappt in ein Mattnetz, aber an
dieser Stelle kein Fragezeichen, Stockfish Matt in 11 ist natürlich nicht
erkennbar.} Ke7 54. Kg7 Ne5 55. Kg8 Ng4 56. Kg7 Nf6 57. g4 g5 {Mephisto
Lyon 68020 Mattankündigung in 12, es geht schon in 8.} 58. Kh8 Nxg4
{Mephisto Lyon korrigiert auf Matt in 8} 59. Kg8 {Pewatronic erkennt
Selbstmatt in 7 -------> Aufgabe} 0-1
[/pgn]
[pgn]

[Event "Turnier 40 / 120"]
[Site "Wien"]
[Date "2022.01.10"]
[Round "14"]
[White "Mephisto Lyon 68020 - 12 MHZ"]
[Black "Pewatronic Masterchess SH7034 - 24 MHZ"]
[Result "0-1"]
[BlackElo "2162"]
[WhiteElo "2174"]

1. e4 e5 2. Bc4 Nc6 {Buchende} 3. Nc3 Nf6 4. d3 Bb4 {Buchzug / Buchende} 5.
Bg5 Na5 6. Ne2 Nxc4 7. dxc4 {Buchende} O-O 8. O-O {lt. Stockfish ist die
Stellung etwa gleich} c6 9. a3 Be7 10. Qd2 d6 11. Rfd1 Ne8 12. Be3 Qc7 13.
Ng3 {die Stellung ist im Lot, Stockfish 0,00} Nf6 14. f3 Be6 15. b3 Rfd8
16. a4 b6 17. a5 {besser ist De2, nach dem Textzug ist Schwarz im Vorteil
mit ca. +1,00} bxa5 18. Qf2 Rdb8? {deutlich besser ist d5 mit klarem
Vorteil für Schwarz, nach dem Textzug ist die Stellung etwa gleich} 19. Ra2
Re8 20. Rda1 Bd8 21. h3 a6 {besser ist d5} 22. Rd1 Qe7 23. Bg5 Bc7 24. c5
dxc5 {ein zweiter Mehrbauer für Schwarz, aufgrund der schlechten
Bauernstruktur am Damenflügel ist die Stellung aber ca. gleich.} 25. Nh5
Ng4 26. Qh4 f6 27. Bc1 c4 {Pewatronic Masterchess: +1,1, das ist jedoch
eine Fehleinschätzung, Stockfish +2,00 für Weiss mit der Fortsetzung fxg4}
28. hxg4 {Mephisto Lyon 68020: -1,51, vergreift sich hier mit dem
Schlagzug, der gesamte Vorteil ist damit weg, die Stellung ist im Lot.}
cxb3 29. Ba3? {schwach, etwas Vorteil versprach noch Tb2, nach dem Textzug
ist wieder Schwarz im Vorteil mit ca. +0,80 mit der Fortsetzung Df7} Bb6+
{Pewatronic sieht sich klar im Vorteil: +1,4, dieser Zug bringt keinen
Vorteil für Schwarz, Stockfish 0,00} 30. Kh1 {besser ist Kh2} Bc5 31. Bxc5
Qxc5 {Pewatronic Masterchess: +2,0 wird noch optimistischer / Stockfish
0,00} 32. Na4 {Mephisto Lyon 68020: -1,12} bxc2 33. Rc1 Qd4 34. Rcxc2?
{deutlich besser ist Taxc2, nach dem Textzug ist Schwarz wieder klar im
Vorteil mit ca. +1,00} Bxa2 35. Rxa2 Qe3! {der richtige Zug, Schwarz ist im
Vorteil mit ca. +1,20} 36. Qf2 {deutlich besser ist Kh2, nach dem Textzug
ist Schwarz schon deutlich im Vorteil mit ca. +1,50} Qxf2 37. Rxf2 Rab8 38.
Rc2 Rec8 {deutlich besser ist Tb4, nach dem Textzug ist Schwarz nur noch
kanpp im Vorteil mit ca. +0,50} 39. Nc5 Rb5 40. Kh2 h6 41. Ng3 {mit Turm +
3 Bauern gegen die 2 Springer ist Scharz rein materiell klar im Vorteil,
aufgrund der schwachen Bauernstruktur am Damenflügel muss es aber erst mal
gewonnen werden, Stockfish gibt hier Weiss schon noch Chancen, eigentlich
nur mit +0,70 für Schwarz.} g6 42. Ne2 Kf7 43. Nxa6? {ein ganz schwacher
Zug, der die Partie sofort verliert, Stockfish +4,00 für Schwarz mit der
Fortsetzung c5, nötig war Sa4 mit nur geringem Vorteil für Schwarz} a4?
{der falsche Bauer um 2,0 Bauerneinheiten !! schwächer als c5, allerdings
bleibt Schwarz klar im Vorteil, Stockfish +2,00 für Schwarz} 44. Nc3
{besser ist Ta2, Stockfish +3,00 für Schwarz} Ra5 {besser ist Tb6,
Stockfish +2,50 für Schwarz} 45. Nb4 c5? {um eine Bauerneinheit schwächer
als a3, erschwert den Gewinn für Schwarz, Stockfish +1,70 für Schwarz} 46.
Nbd5 a3? {dieser Vorstoss ist voreilig und bringt den Sieg nun schon
ernsthaft in Gefahr, Stockfish nur noch +0,30 für Schwarz mit der
Fortsetzung Sb6, nötig war Tb8 mit klarem Vorteil für Schwarz} 47. Nb6 Rb8
48. Nc4 Ra6 49. Ra2 Rb3 50. Nd5 Rd3 51. Kg3 Ra4 52. Nd6+? {verliert die
Partie, Stockfish +3,00 für Schwarz mit der Fortsetzung Ke6, einzig S5e3
hält das Remis, jeder andere Zug verliert.} Ke6 53. Nb7? {deutlich mehr
Widerstand leistet noch Sb5, nach dem Textzug ist alles vorbei für Weiss,
Stockfish +6,50 für Schwarz mit der Fortsetzung Txd5} Rxd5 54. exd5+ Kxd5
55. Ra1 a2 56. Rd1+ Kc4 57. Rc1+ Kb4 58. Nxc5 a1=Q {Rest geschenkt} 0-1
[/pgn]
[pgn]